El amor propio (Record no. 171144)

MARC details
000 -LEADER
campo de control de longitud fija 00723nam a22001575i 4500
001 - NÚMERO DE CONTROL
campo de control 171144
003 - IDENTIFICADOR DE NÚMERO DE CONTROL
campo de control ES-MaACL
005 - FECHA Y HORA DE LA ÚLTIMA TRANSACCIÓN
campo de control 20230906214542.0
008 - DATOS DE LONGITUD FIJA--INFORMACIÓN GENERAL
campo de control de longitud fija 090430s1877 sp |||| | spa d
100 1# - ENTRADA PRINCIPAL--NOMBRE DE PERSONA
Nombre de persona Cuartero, Manuel.
9 (RLIN) 126653
245 13 - MENCIÓN DEL TÍTULO
Título El amor propio
Resto del título : comedia en un acto, en verso /
Mención de responsabilidad, etc. original de Manuel Cuartero.
260 ## - PUBLICACIÓN, DISTRIBUCIÓN, ETC.
Lugar de publicación, distribución, etc. Madrid :
Nombre del editor, distribuidor, etc. [s.n.],
Fecha de publicación, distribución, etc. 1877 (
Fabricante Imp. de García y Caravera)
300 ## - DESCRIPCIÓN FÍSICA
Extensión 23 p. ;
Dimensiones 18 cm.
500 ## - NOTA GENERAL
Nota general En port.: Representada con gran aplauso en Madrid en el teatro de Cervantes el 5 de enero de 1877.
852 ## - LOCALIZACIÓN
Ubicación ES-MaACL
Número de control de estantería F-8587(12)
Nota libre .- Enc. pasta española
condición física . - Falto de la cub. original
Nota libre - Enc. en un vol. facticio formando parte de la col. "Teatro español moderno", vol. 40
Holdings
Estatus retirado Estado de pérdida Estado de daño No para préstamo Colección Biblioteca de origen Biblioteca actual Ubicación en estantería Fecha de adquisición Fuente de adquisición Total de préstamos Signatura topográfica completa Código de barras Visto por última vez Precio de reemplazo Tipo de ítem Koha
        Libros del s. XIX Biblioteca del Ateneo de Madrid Biblioteca del Ateneo de Madrid Sala Pecera Planta 2 30/04/2009     F-8587(12) 1179610 23/02/2023 23/02/2023 Libro impreso antiguo